A quinientos años de La Celestina : 1499-1999 /
Homenaje al escritor español Fernando de Fuentes por cumplirse quinientos años de la publicación de La Celestina en 1499 cuyo título original fue Comedia de Calisto y Melibea, aumentado e intitulado en ediciones posteriores como Tragicomedia de Calisto y Melibea. Varios autores presentan sus reflexi...
Guardado en:
| Autor principal: | |
|---|---|
| Otros autores: | |
| Formato: | Libro |
| Idioma: | Español |
| Publicado: |
México :
UNAM, Facultad de Filosofía y Letras,
2004, c2004
|
| Colección: | (Jornadas UNAM)
|
| Temas: | |
| Etiquetas: |
Sin etiquetas, Sé el primero en etiquetar este registro!
|
MARC
| LEADER | 00000nam^a2200000^a^4500 | ||
|---|---|---|---|
| 001 | 000178318 | ||
| 005 | 20250521000000.0 | ||
| 009 | 20260310101746.123 | ||
| 020 | |a 970-32-1424-X | ||
| 037 | |a Acervo ITESO - Biblioteca | ||
| 041 | |a ESP | ||
| 082 | |a 860. 94603 |b FER | ||
| 100 | |a Fernández, Sergio |e (coord.) | ||
| 245 | 1 | 0 | |a A quinientos años de La Celestina : |b 1499-1999 / |c Coord. de S. Fernández ; comp. y presen. de C.E. Armijo. |
| 264 | 4 | |a México : |b UNAM, Facultad de Filosofía y Letras, |c 2004, c2004 | |
| 300 | |a 202 p. | ||
| 336 | |a texto |b txt |2 rdacontenido | ||
| 337 | |a sin mediación |b n |2 rdamedio | ||
| 338 | |a volumen |b nc |2 rdasoporte | ||
| 440 | 1 | |a (Jornadas UNAM) | |
| 520 | |a Homenaje al escritor español Fernando de Fuentes por cumplirse quinientos años de la publicación de La Celestina en 1499 cuyo título original fue Comedia de Calisto y Melibea, aumentado e intitulado en ediciones posteriores como Tragicomedia de Calisto y Melibea. Varios autores presentan sus reflexiones sobre el amor y sexualidad, la magia y alcahuetería, lo teatral y la ejemplaridad de esta obra del siglo XV que sigue revelando al lector contemporáneo la riqueza de su trama y la profundidad de sus personajes humanos. | ||
| 649 | |a XX | ||
| 650 | |a Escritores Españoles - |x Homenajes | ||
| 650 | |a Conferencias y el Arte de Disertar | ||
| 650 | |a Representación (Teatro) | ||
| 650 | |a Personajes Literarios - |x Historia y Crítica | ||
| 650 | |a Tragicomedia Española - |x Historia y Crítica | ||
| 650 | |a Comedia Española - |x Historia y Crítica | ||
| 650 | |a Teatro Español - |x Historia y Crítica | ||
| 650 | |a Literatura Española - |x Historia y Crítica | ||
| 650 | |a Literatura Española - |y Siglo XV | ||
| 650 | |a Literatura Española - |y Hasta 1500 | ||
| 650 | |a Literatura Medieval - |z España - |x Historia y Crítica | ||
| 650 | |a Amor en la Literatura | ||
| 650 | |a Sexualidad en la Literatura | ||
| 650 | |a Rojas, Fernando de - |x Homenajes | ||
| 700 | |a Armijo, Carmen Elena |e (compilación y presentación) | ||
| 910 | |a Fondo General | ||
| 920 | |a Impresos - Libros | ||
| 930 | |a Colección General | ||
| 940 | |a Literatura | ||
| 905 | |a 101 | ||
| 901 | |a 0500117008 |b IT1 |c LIT |u 20250521 | ||
| 902 | |a https://opac.biblio.iteso.mx/vufind/Record/000178318 | ||